000 00682 a2200229 4500
010 _aTML-30214
020 _c75.00
035 _aTM-28450
037 _bD.B.Act / pub /
082 _a894.8113
090 _c187
_d187
100 _aNila
245 _aKaruvaraik Kadan
_cNila
246 _aகருவறைக் கடன்
250 _a1st ed
260 _aChennai
_bSandhya Pathippagam
_c2006
270 _aFlat A, Neu tech vaibahav,57-53rd st, Ashok Nagar
_bChennai
_e600083
300 _a160p
_c22cm
650 _aTamil Literature
_xFiction
942 _cTM
_k894.8113 / NIL
999 _c185
_d185